The lore of the land : a guide to England's legends, from Spring-Heeled Jack to the Witches of Warboys /

Bibliographic Details
Main Author: Westwood, Jennifer, 1940-2008
Other Authors: Simpson, Jacqueline
Format: Book
Language:English
Published: London ; New York : Penguin, 2005.
Subjects:

MARC

Tag First Indicator Second Indicator Subfields
LEADER 00000cam a2200000 a 4500
001 in00002093713
005 20151102171030.0
008 050429s2005 enka b 001 0 eng
015 |a GBA568693  |2 bnb 
016 7 |a 013274028  |2 Uk 
020 |a 0141007117 (hbk.) 
024 3 |a 9780141007113 (hbk.) 
035 |a (OCoLC)ocm61302120 
040 |a UKM  |c UKM  |d BWKUK  |d TXA  |d UtOrBLW 
049 |a TXAM 
050 4 |a GR141  |b .W45 2005 
082 0 4 |a 398.20941  |2 22 
100 1 |a Westwood, Jennifer,  |d 1940-2008. 
245 1 4 |a The lore of the land :  |b a guide to England's legends, from Spring-Heeled Jack to the Witches of Warboys /  |c Jennifer Westwood and Jacqueline Simpson. 
264 1 |a London ;  |a New York :  |b Penguin,  |c 2005. 
300 |a ix, 917 pages :  |b illustrations (some color) ;  |c 26 cm. 
336 |a text  |b txt  |2 rdacontent 
337 |a unmediated  |b n  |2 rdamedia 
338 |a volume  |b nc  |2 rdacarrier 
504 |a Includes bibliographical references (pages [848]-896) and indexes. 
650 0 |a Legends  |z Great Britain. 
650 0 |a Tales  |z Great Britain. 
650 0 |a Mythology, British. 
700 1 |a Simpson, Jacqueline. 
994 |a C0  |b TXA 
948 |a cataloged  |b h  |c 2005/12/19  |d c  |e bhartsfi  |f 4:48:18 pm 
999 |a MARS 
999 f f |s 4d4fc113-cef7-304f-834e-f1263aaf12df  |i f070258f-0723-3aa0-a93e-2749a825eee3  |t 0 
952 f f |p ric  |a Texas A&M University  |b Rellis Campus  |c Joint Library Facility  |d Remote Storage  |t 0  |e GR141 .W45 2005  |h Library of Congress classification  |i unmediated -- volume  |m A14833086375 
998 f f |a GR141 .W45 2005  |t 0  |l Remote Storage